• 首页
  • 本馆介绍
  • 公告通知
  • 最新文献
  • 馆藏检索
  • 电子资源
  • 读者导购
  • 参考咨询
  • 我的图书馆
  • 登录
  • 详细信息显示
  • 放入我的书架
  • 预约/预借图书
  • 作者相关作品
  • 分类相关作品
  • 丛书相关作品
  • 出版社相关作品

书目信息

  • 表格格式
  • 工作单格式
  • 卡片格式
题名:
贵族之家
    
 
作者: 屠格涅夫 , Тургенев 著 ;石国雄 , 非琴 译
分册:  
出版信息: 南京   译林出版社  1998
页数: 279页
开本: 19cm
丛书名: 译林世界文学名著
单 册:
中图分类: I512.4 , I512.4
科图分类: 47.2752
主题词: 长篇小说--苏联--近代--选集 , 长篇小说 , 文学
电子资源:
ISBN: 7-80567-467-1
000 01172nam2 2200349 450
001 1233604815
005 20121012092136.95
010    @a7-80567-467-1@dCNY9.70
100    @a20021005d1998 em y0chiy0110 ea
101 1  @achi@crus
102    @aCN@b320000
105    @ay z 000ay
106    @ar
200 1  @a贵族之家@Agui zu zhi jia@a罗亭@b专著@f(俄)屠格涅夫(И.С.Тургенев)著@g非琴,石国雄译
210    @a南京@c译林出版社@d1998
215    @a279页@d19cm
225 2  @a译林世界文学名著@dMasterpieces of world literature@zeng@e全译本
300    @a据苏联国家文艺出版社《屠格涅夫文集·十卷集》1961年版译出
410  0 @12001 @a译林世界文学名著
517 1  @a罗亭@Aluo ting
606 0  @a长篇小说@y苏联@z近代@x选集
606 0  @a长篇小说
606 0  @a文学
690    @aI512.4@v3
690    @aI512.4@v4
692    @a47.2752@v2
701  1 @c(俄)@a屠格涅夫@c(Тургенев, Иван Сергеенч@f1818~1883)@Atu ge nie fu@4著
701  1 @aТургенев@bИ.С.@4著
702  0 @a石国雄@f(1941.10~)@Ashi guo xiong@4译
702  0 @a非琴@Afei qin@4译
801  0 @aCN@bNLC@c19990915
905    @a10447@dI512.4@eJY164
    
    贵族之家;罗亭/(俄)屠格涅夫(И.С.Тургенев)著/非琴,石国雄译 .-南京:译林出版社,1998
    279页;19cm .-(译林世界文学名著=Masterpieces of world literature:全译本 )
    据苏联国家文艺出版社《屠格涅夫文集·十卷集》1961年版译出
    
    ISBN 7-80567-467-1:CNY9.70
    
●
相关链接 在E读中查询图书 在五车中查询图书 在当当中查询图书 在豆瓣中查询图书


正题名:贵族之家     索取号:I512.4/JY164         预约/预借

序号 登录号 条形码 馆藏地/架位号 状态 备注
1 7815178   278151786   学院路分馆/ [索取号:I512.4/JY164] 在馆    
2 7815179   278151795   学院路分馆/ [索取号:I512.4/JY164] 在馆    
3 7815180   278151802   学院路分馆/ [索取号:I512.4/JY164] 在馆    
4 7815181   278151811   学院路分馆/ [索取号:I512.4/JY164] 在馆    
唐山师范学院图书馆 欢迎您!
大连网信软件有限公司© 版权所有